Separation process engineering : (Record no. 17951)

MARC details
000 -LEADER
fixed length control field 00938pam a2200277 a 4500
001 - CONTROL NUMBER
control field 015983902
003 - CONTROL NUMBER IDENTIFIER
control field OSt
005 - DATE AND TIME OF LATEST TRANSACTION
control field 20140122142923.0
008 - FIXED-LENGTH DATA ELEMENTS--GENERAL INFORMATION
fixed length control field 111125t2012 xxua frb 001 0 eng d
020 ## - INTERNATIONAL STANDARD BOOK NUMBER
International Standard Book Number 9780132790215 (pbk.)
020 ## - INTERNATIONAL STANDARD BOOK NUMBER
International Standard Book Number 0132790211 (pbk.)
040 ## - CATALOGING SOURCE
Original cataloging agency StDuBDS
Language of cataloging eng
Transcribing agency StDuBDS
Modifying agency Uk
082 04 - DEWEY DECIMAL CLASSIFICATION NUMBER
Classification number 660.2842
Edition number 22
Item number WAN
100 1# - MAIN ENTRY--PERSONAL NAME
Personal name Wankat, Phillip C.,
Dates associated with a name 1944-
9 (RLIN) 34903
245 10 - TITLE STATEMENT
Title Separation process engineering :
Remainder of title includes mass transfer analysis /
Statement of responsibility, etc Phillip C. Wankat.
250 ## - EDITION STATEMENT
Edition statement 3rd ed.,
Remainder of edition statement International ed.
260 ## - PUBLICATION, DISTRIBUTION, ETC. (IMPRINT)
Place of publication, distribution, etc Upper Saddle River, United States :
Name of publisher, distributor, etc Pearson Education International,
Date of publication, distribution, etc c.2012.
300 ## - PHYSICAL DESCRIPTION
Extent xxxv, 948 p. :
Other physical details ill. ;
Dimensions 23 cm.
500 ## - GENERAL NOTE
General note Index : p. 933-948.
500 ## - GENERAL NOTE
General note Appendix : p. 917-931.
504 ## - BIBLIOGRAPHY, ETC. NOTE
Bibliography, etc Includes bibliographical references.
650 #0 - SUBJECT ADDED ENTRY--TOPICAL TERM
Topical term or geographic name as entry element Separation (Technology)
9 (RLIN) 34904
653 ## - INDEX TERM--UNCONTROLLED
Resource For college
Arrived date list January2014
655 ## - INDEX TERM--GENRE/FORM
Form subdivision
-- 33728
942 ## - ADDED ENTRY ELEMENTS (KOHA)
Source of classification or shelving scheme Dewey Decimal Classification
Call number prefix 660.2842 WAN
Holdings
Withdrawn status Item status Source of classification or shelving scheme Damaged status Not for loan Vendor Home library Current library Shelving location Date acquired Source of acquisition Total Checkouts Full call number Barcode Date last seen Koha item type Total Renewals Date last borrowed
    Dewey Decimal Classification     Baccah Central Library Central Library First floor 22/01/2014     660.2842 WAN 000035408 15/07/2025 NB - Book (Non borrowing)    
    Dewey Decimal Classification     Baccah Central Library Central Library First floor 22/01/2014   3 660.2842 WAN 000035409 15/07/2025 Book - Borrowing 3 04/02/2021
    Dewey Decimal Classification     Baccah Central Library Central Library First floor 22/01/2014   2 660.2842 WAN 000035410 15/07/2025 Book - Borrowing 2 18/12/2023